00651nam a2200205Ia 450000500170000000800410001702000180005804000190007604100120009508200150010710000220012224500530014425000160019726000660021330000220027950400830030165000150038465100360039985000100043520220805104423.0131103s9999 xx 000 0 und d aSBN 412207508 aLoreto College aEnglish a551.8bHIL aHills, Sherbon E. aElements of structural geologycE. Sherbon Hills a2nd Edition aChapmon and Hall Ltd. and Science Paperbacksb1972cx, 502 p. bill., fig. 23 cm. aFirst published 1963 by Methuen & Co., Second edition 1972 by Chapman and Hall aGeology -  aGeology - Structural geology -  aLCLIB